| 000 | 00597nam a2200193Ia 4500 | ||
|---|---|---|---|
| 003 | OSt | ||
| 005 | 20250829151840.0 | ||
| 008 | 210210b1999 xxu||||| |||| 00| 0 eng d | ||
| 040 | _cAL | ||
| 041 | _aKannada | ||
| 082 | _aK894.109 SIDK | ||
| 100 |
_aSIDDHADGANGAYYA HOLATAL (HR) _995924 _dಸಿದ್ಧಗಂಗಯ್ಯ ಹೊಲತಾಳ್ (ಹೆಚ್ ಆರ್) |
||
| 245 |
_aKavya samvahana. _bಕಾವ್ಯ ಸಂವಹನ |
||
| 260 |
_aBiligere _bNamma Prakashana _c1999 |
||
| 300 | _axiii,476 | ||
| 690 |
_aKannada Poetry Criticism _995925 |
||
| 906 | _a056883 | ||
| 942 |
_2ddc _cBK |
||
| 999 |
_c104588 _d104588 |
||